Electrical Breakdown Characteristics and ICCD Imaging of Discharge Phenomena in CO₂/O₂ Mixtures as Eco-Friendly Alternatives to SF₆ for High Voltage Insulations / (Record no. 615543)
[ view plain ]
| 000 -LEADER | |
|---|---|
| fixed length control field | 00516nam a22001337a 4500 |
| 082 ## - DEWEY DECIMAL CLASSIFICATION NUMBER | |
| Classification number | 621.31 |
| Author Mark | KHA |
| 100 ## - MAIN ENTRY--PERSONAL NAME | |
| Personal name | Khan, Rumman (362666) |
| 245 ## - TITLE STATEMENT | |
| Title | Electrical Breakdown Characteristics and ICCD Imaging of Discharge Phenomena in CO₂/O₂ Mixtures as Eco-Friendly Alternatives to SF₆ for High Voltage Insulations / |
| 264 ## - PRODUCTION, PUBLICATION, DISTRIBUTION, MANUFACTURE, AND COPYRIGHT NOTICE | |
| Place of production, publication, distribution, manufacture | Islamabad : |
| Name of producer, publisher, distributor, manufacturer | USPCAS-E, NUST |
| Date of production, publication, distribution, manufacture, or copyright notice | July, 2025 |
| 300 ## - PHYSICAL DESCRIPTION | |
| Extent | xiii, 45 p. |
| Accompanying material | +CD |
| 520 ## - SUMMARY, ETC. | |
| Summary, etc. | TH-648 |
| 700 ## - ADDED ENTRY--PERSONAL NAME | |
| Personal name | Supervisor: Dr. Muhammad Farasat Abbas |
| 942 ## - ADDED ENTRY ELEMENTS (KOHA) | |
| Source of classification or shelving scheme | |
| Koha item type | Thesis |
| Withdrawn status | Permanent Location | Current Location | Date acquired | Full call number | Barcode | Koha item type |
|---|---|---|---|---|---|---|
| US-Pakistan Center for Advanced Studies in Energy (USPCAS-E) | US-Pakistan Center for Advanced Studies in Energy (USPCAS-E) | 12/16/2025 | 621.31 KHA | CAS-ETH0000648 | Thesis |
